000 nam a22 a 4500
999 _c4737
_d4737
003 AKMAL
005 20170801113634.0
008 170108s2017 my | e l 000 0 may d
020 _cRM 18.00
082 0 4 _a347.595013 MAL
_222
090 0 0 _a347.595013
_bMAL
110 1 _aMalaysia
_9400
245 1 0 _aAkta Mahkamah Kehakiman 1964 (Disemak - 1972) (Akta 91) :
_b(pindaan hingga Mac 2017) /
_cDisusun semula oleh Penasihat Undang-Undang Mdc
260 _aKuala Lumpur:
_bMdc Publishers,
_c2017.
300 _a61ms. ;
_c27cm.
490 1 _aUndang-undang Malaysia
650 1 0 _aCourt administration
_zMalaysia
_98757
650 2 0 _aCourts
_xLaw and legislation
_zMalaysia
_98758
830 0 _aUNDANG-UNDANG MALAYSIA
_99060
942 _2ddc
_cBOOK
950 _lAKMAL